| 000 | 01232nab a22002537a 4500 | ||
|---|---|---|---|
| 999 |
_c6230 _d6230 |
||
| 003 | OSt | ||
| 005 | 20260126030943.0 | ||
| 008 | 190514b xxu||||| |||| 00| 0 spa d | ||
| 040 | _cPJ | ||
| 100 |
_96951 _aVivacqua, María Josefina |
||
| 245 | 1 | 3 |
_aEl derecho del niño a ser oído y la libertad religiosa : _buna declaración judicial de situación de adoptabilidad novedosa / _cMaría Josefina Vivacqua. |
| 300 | _ap. 102-108 | ||
| 500 | _aCita: TR LALEY AR/DOC/2669/2024. | ||
| 505 | _aSumario: I. Los hechos del caso.— II. El derecho de NNyA a ser oído y a que su opinión sea tenida en cuenta.— III. El derecho a la libertad religiosa.— IV. A modo de cierre. | ||
| 505 | _tFallo comentado: JFamilia Nro. 4, La Matanza ~ 05/06/2024 ~ P. B. I. A. s/ abrigo. | ||
| 650 | 0 |
_9967 _aDERECHO DE FAMILIA |
|
| 650 | 0 |
_92741 _aDERECHOS DE LAS NIÑAS, NIÑOS Y ADOLESCENTES |
|
| 650 | 0 |
_94378 _aDERECHO A SER OÍDO |
|
| 650 | 0 |
_9974 _aADOPCIÓN |
|
| 650 | 0 |
_91214 _aLIBERTAD DE CULTOS |
|
| 650 | 0 |
_91057 _aJURISPRUDENCIA APLICABLE |
|
| 773 | 0 |
_02844 _93222 _dBuenos Aires : AbeledoPerrot, 1989- _tDerecho de familia. Revista Interdisciplinaria de doctrina y jurisprudencia. Diciembre 2024-VI. _z18511201 |
|
| 942 |
_2udc _cANA |
||